Rutas de éxito (Registro nro. 306847)

Detalles MARC
000 -ENCABEZADO
Número de control [NR] 01015 a2200253 4500
005 - FECHA Y HORA DE LA ÚLTIMA TRANSACCIÓN
control field 20170627154356.0
008 - DE LONGITUD FIJA DE DATOS DE ELEMENTOS - INFORMACIÓN GENERAL
Elementos de longitud fija [NR] 170627s2017 ck ||||| |||| 00| 0 spa d
020 ## - NUMERO INTERNACIONAL NORMALIZADO PARA LIBROS [R]
Número Internacional Normalizado del libro [NR] 9789587632101
040 ## - FUENTE DE CATALOGACION [NR]
Agencia de catalogación original [NR] CO-BoUCM
Idioma de catalogación [NR] spa
Quien Cataloga Saul Niño
Quien Clasifica Saul Niño
041 0# - CODIGO DE IDIOMA [R]
Código de idioma para texto/pista de sonido o título separado [R] Español
100 1# - ASIENTO PRINCIPAL--NOMBRE PERSONAL [NR]
Nombre personal [NR] Dueñas Gaitán, Félix Fernando
ID Autoridad 86400
245 10 - MENCION DE TITULO [NR]
Título [NR] Rutas de éxito
Parte restante del título [NR] retos de la educación para adultos
Mención de responsabilidad, etc. [NR] Félix Fernando Dueñas Gaitán
260 ## - PUBLICACION, DISTRIBUCION, ETC. (PIE DE IMPRENTA) [R]
Lugar de publicación, distribución, etc. [R] Bogotá (Colombia)
Nombre del editor, distribuidor, etc. [R] Corporación Universitaria Minuto de Dios
Fecha de publicación, distribución, etc. [R] 2017
300 ## - DESCRIPCION FISICA [R]
Extensión [R] 129 páginas
Otros detalles físicos [NR] ilustraciones
490 0# - MENCION DE SERIE [R]
Mención de serie [R] Cuadernillos de Investigación
Designación numérica/secuencial del volumen [NR] 5
490 0# - MENCION DE SERIE [R]
Mención de serie [R] Serie 2 Productividad
650 #7 - ASIENTO SECUNDARIO DE MATERIA - TERMINO TEMATICO [R]
Término temático o nombre geográfico como elemento de entrada [NR] Educación
Subdivisión general [R] Aspectos sociales
Subdivisión geográfica [R] Latinoamérica
9 (RLIN) 33650
650 #7 - ASIENTO SECUNDARIO DE MATERIA - TERMINO TEMATICO [R]
Término temático o nombre geográfico como elemento de entrada [NR] Educación
Subdivisión general [R] Aspectos sociales
Subdivisión geográfica [R] Norteamérica
9 (RLIN) 13779
650 #7 - ASIENTO SECUNDARIO DE MATERIA - TERMINO TEMATICO [R]
Término temático o nombre geográfico como elemento de entrada [NR] Educación
Subdivisión general [R] Aspectos sociales
Subdivisión geográfica [R] Europa
9 (RLIN) 13779
650 #7 - ASIENTO SECUNDARIO DE MATERIA - TERMINO TEMATICO [R]
9 (RLIN) 8655
Término temático o nombre geográfico como elemento de entrada [NR] Adultos mayores
Subdivisión general [R] Educación
650 #7 - ASIENTO SECUNDARIO DE MATERIA - TERMINO TEMATICO [R]
9 (RLIN) 13791
Término temático o nombre geográfico como elemento de entrada [NR] Educación comparada
942 ## - ELEMENTOS DE ENTRADA AGREGADOS (KOHA)
Tipo de ítem principal el descrito en 300a Libro
Sistema de clasificación DEWEY
Tema principal Educación
Edición 1
Clasificación 374.013
Parte restante de la signatura top. D852r
Existencias
Total préstamos Signatura topográfica Código de barras Última vez visto Ejemplar Costo de reposición Price effective from Tipo de ítem Perdido Sistema de clasificación Dañado No prestable Tipo de ítem específico Suprimido Ubicación habitual Ubicación actual Localización Fecha de creación Proveedor Forma de adquisición Costo
  374.013 D852r 100153455 05/12/2025 Ej.1 26000.00 16/06/2017 Libro   DEWEY     Libro   Claustro Claustro 2do piso 16/06/2017 12 Donación 0.00